000 00699nam a2200229Ia 4500
003 OSt
005 20220923223551.0
006 a|||||r|||| 00| 0
007 ta
008 Pun
024 _a218,888
037 _cTextual
040 _aARTS
_cARTS
_bPun
041 _2Pun
_aPun
082 _aR:[Q8441], 153N8
100 _aਧੀਰ, ਕੁਲਦੀਪ ਸਿੰਘ
245 0 _aਸਿੱਖ ਧਰਮ ਦਰFਨ
_b ਸੰਖੇਪ ਰੂਪ-ਰੇਖਾ
260 _aਦਿੱਲੀ
_b ਵੌਲਵਿF ਪਰਲੀFਰਗ਼
_c1998
300 _a124ਪੰ
_ccm.
942 _hR:[Q8441], 153N8
_cTEXL
_2CC
999 _c366222
_d366222